000 00433nam a2200181Ia 4500
003 0STCL
008 150530s9999 xx 000 0 und d
040 _aSTCL
_cSTCL
100 _aMuhammed,N.P.
245 _aNalpathirandam Veettil Chekuthan
250 _a2
260 _bSahithya Pravarthaka Co Operative Society
_c1981
300 _a0
546 _aMalayalam
942 _2ddc
_cBK
999 _c77809
_d77809
005 20220125171652.0